00469nam a2200109Ia 4500008004100000245009900041245006900140260003200209260001400241650001200255856009200267160809s9999 xx 000 0 und d aInitial Care to Illegal Immigrants Who Arrive in Europe on Small Boats. What are Nurses Doing? cMaría Del Mar Jiménez Lasserrotte and José Granero Molina. bJournal of Nursing and Care cJuly 2016 xNURSING uhttp://www.omicsgroup.org/journals/ArchiveJNC/currentissue-nursing-care-open-access.php